| 000 | 00507nam a2200181Ia 4500 | ||
|---|---|---|---|
| 008 | 180921t1980 xxu||||| |||| 00| 0 sin d | ||
| 041 | _asin | ||
| 080 |
_a571 _bPAR |
||
| 100 | _aParana Vidanage Smarathna | ||
| 245 | _aප්රාග් ඓතිහාසික යුගය | ||
| 246 | _aPrag aitihaasika yugaya | ||
| 260 |
_bDeepani _aNugegoda _c1980 |
||
| 300 | _a57p., 18 cm | ||
| 650 |
_aAnthropology _aEvolution |
||
| 942 | _cBK | ||
| 999 |
_c16903 _d16903 |
||
| 003 | LK-CoDNM | ||
| 040 |
_aLK-CoDNM _dLK-CoDNM _eLK-CoDNM |
||